[Event "Moscow Victory Day op"]
[Site "Moscow"]
[Date "2011.04.30"]
[Round "1"]
[White "Losev, Dmitry"]
[Black "Sorokin, Adones"]
[Result "1-0"]
[WhiteElo "2290"]
[BlackElo "1924"]
[PlyCount "73"]
[EventDate "2011.04.30"]
[EventType "swiss"]
[EventRounds "9"]
[EventCountry "RUS"]
[SourceTitle "CBM 142 Extra"]
[Source "ChessBase"]
[SourceDate "2011.06.27"]
[SourceVersion "1"]
[SourceVersionDate "2011.06.27"]
[SourceQuality "1"]

1. e4 c5 2. Nf3 Nf6 3. e5 Nd5 4. b3 e6 5. Bb2 d6 6. Na3 a6 7. Nc4 dxe5 8. Nfxe5 Be7 9. Qh5 0-0 10. 0-0-0 f5 11. g3 Nd7 12. Bg2 N7f6 13. Qe2 Qc7 14. Rhe1 Ra7 15. d4 Rd8 16. dxc5 Bxc5 17. Nd3 Bf8 18. Bxd5 Nxd5 19. Be5 Qe7 20. Nf4 Nxf4 21. gxf4 b5 22. Nd6 Rad7 23. Nxc8 Rxc8 24. Rxd7 Qxd7 25. Bb2 Rc6 26. Rg1 Qc7 27. Be5 Qc8 28. Kb1 a5 29. c3 Rb6 30. Qd3 Rb7 31. Rd1 Bc5 32. f3 Kf7 33. c4 bxc4 34. Qxc4 Rb4 35. Qc3 Qf8 36. Rd7+ Be7 37. Bd6 1-0

[Event "Moscow op-E"]
[Site "Moscow"]
[Date "2011.02.04"]
[Round "7.237"]
[White "Sorokin, Adones"]
[Black "Belskiy, Artem"]
[Result "1-0"]
[WhiteElo "1938"]
[BlackElo "1618"]
[PlyCount "65"]
[EventDate "2011.01.29"]
[EventType "swiss"]
[EventRounds "9"]
[EventCountry "RUS"]
[SourceTitle "EXT 2022"]
[Source "ChessBase"]
[SourceDate "2021.10.06"]
[SourceVersion "1"]
[SourceVersionDate "2021.10.06"]
[SourceQuality "1"]

1. e4 e6 2. d4 d5 3. e5 c5 4. c3 Nc6 5. Nf3 cxd4 6. cxd4 Qb6 7. Nc3 a6 8. Be2 Bd7 9. 0-0 Nge7 10. Na4 Qa7 11. Nc5 Rd8 12. Bg5 h6 13. Be3 Nf5 14. Nxd7 Rxd7 15. Rc1 Be7 16. g4 Nh4 17. Nxh4 Bxh4 18. f4 Rd8 19. Qd2 Be7 20. a3 Qb6 21. f5 Bg5 22. Bxg5 hxg5 23. Rcd1 Nxe5 24. fxe6 fxe6 25. Qxg5 Nf7 26. Qxg7 Rf8 27. Bd3 Qd6 28. Bg6 Rd7 29. Rf6 Re7 30. Rdf1 Qc7 31. Rxf7 Rexf7 32. Rxf7 Rxf7 33. Qg8+ 1-0